[Event "IECC KO email"]
[Site "IECC email"]
[Date "2003.02.28"]
[Round "?"]
[White "Hames, Mike"]
[Black "Bal, Rene"]
[Result "1-0"]
[WhiteElo "1181"]
[BlackElo "1362"]
[PlyCount "33"]
[EventDate "2003.??.??"]
[EventType "tourn (corr)"]
[EventRounds "6"]
[SourceTitle "Corr 2008"]
[Source "ChessBase"]
[SourceDate "2008.06.24"]
[SourceVersion "1"]
[SourceVersionDate "2008.06.24"]
[SourceQuality "1"]

1. e4 e5 2. Nf3 Nf6 3. Nxe5 d6 4. Nf3 Nxe4 5. Qe2 Qe7 6. d3 Nf6 7. Bg5 Qxe2+ 8. Bxe2 Be7 9. 0-0 0-0 10. Nc3 c6 11. Rfe1 Be6 12. Nd4 h6 13. Bxf6 Bxf6 14. Nxe6 fxe6 15. Bg4 e5 16. Ne4 Be7 17. Re3 1-0

[Event "IECC KO email"]
[Site "IECC email"]
[Date "2003.02.24"]
[Round "?"]
[White "Bladyko, Pawel"]
[Black "Hames, Mike"]
[Result "1-0"]
[WhiteElo "1644"]
[BlackElo "1183"]
[PlyCount "41"]
[EventDate "2003.??.??"]
[EventType "tourn (corr)"]
[EventRounds "6"]
[SourceTitle "Corr 2008"]
[Source "ChessBase"]
[SourceDate "2008.06.24"]
[SourceVersion "1"]
[SourceVersionDate "2008.06.24"]
[SourceQuality "1"]

1. e4 e6 2. d4 d5 3. e5 c5 4. Nf3 cxd4 5. Nxd4 Bc5 6. Nb3 Bb6 7. Qg4 g6 8. Nc3 Nc6 9. Bb5 Bd7 10. Bf4 a6 11. Bxc6 Bxc6 12. 0-0 Ne7 13. Bg5 0-0 14. Qh4 Re8 15. Bf6 Qd7 16. g4 h5 17. Rfd1 d4 18. Qg5 Kh7 19. Rd3 Nd5 20. Rh3 Nxf6 21. exf6 1-0

[Event "IECC KO email"]
[Site "IECC email"]
[Date "2002.12.12"]
[Round "?"]
[White "Hames, Mike"]
[Black "Venturas, Bob"]
[Result "1-0"]
[WhiteElo "1198"]
[BlackElo "1083"]
[PlyCount "53"]
[EventDate "2002.??.??"]
[EventType "tourn (corr)"]
[EventRounds "6"]
[SourceTitle "Corr 2008"]
[Source "ChessBase"]
[SourceDate "2008.06.24"]
[SourceVersion "1"]
[SourceVersionDate "2008.06.24"]
[SourceQuality "1"]

1. e4 e5 2. Nf3 Qf6 3. Bc4 Nc6 4. Nc3 Bb4 5. a3 Bc5 6. 0-0 d6 7. Nd5 Qd8 8. b4 Bb6 9. Nxb6 axb6 10. Bb2 Bg4 11. h3 Bh5 12. d4 Qf6 13. g4 Bg6 14. b5 Na5 15. dxe5 Qf4 16. Bd5 Bxe4 17. Bxe4 Qxe4 18. exd6 0-0-0 19. Re1 Qg6 20. d7+ Kb8 21. Re8 Nf6 22. Rxh8 Rxh8 23. d8Q+ Rxd8 24. Qxd8+ Ka7 25. Be5 Qxc2 26. Bxc7 Nc6 27. Bxb6# 1-0

[Event "IECC KO email"]
[Site "IECC email"]
[Date "2002.11.07"]
[Round "?"]
[White "Hames, Mike"]
[Black "Laramore, Victor"]
[Result "1-0"]
[WhiteElo "1180"]
[BlackElo "1037"]
[PlyCount "75"]
[EventDate "2002.??.??"]
[EventType "tourn (corr)"]
[EventRounds "6"]
[SourceTitle "Corr 2008"]
[Source "ChessBase"]
[SourceDate "2008.06.24"]
[SourceVersion "1"]
[SourceVersionDate "2008.06.24"]
[SourceQuality "1"]

1. e4 e5 2. Bc4 Nf6 3. d3 h6 4. Nf3 Nc6 5. Nc3 Bc5 6. 0-0 Ng4 7. h3 Nxf2 8. Rxf2 Bxf2+ 9. Kxf2 0-0 10. Nd5 d6 11. Bd2 Be6 12. Bb3 Nd4 13. Nxd4 exd4 14. Kg1 c6 15. Nf4 Bxb3 16. axb3 Qf6 17. Nh5 Qe6 18. Ra4 c5 19. Nf4 Qd7 20. Nd5 Qd8 21. Qg4 Kh7 22. c3 a6 23. cxd4 b5 24. Ra1 Qc8 25. Qg3 Qd8 26. dxc5 dxc5 27. Rc1 Rc8 28. Be3 f5 29. Bxc5 f4 30. Nxf4 Rxc5 31. Rxc5 Qd4+ 32. Qf2 Qd6 33. e5 Qb6 34. e6 Rxf4 35. Qxf4 Qxc5+ 36. d4 Qe7 37. Qf7 Qd6 38. Qd7 1-0

[Event "IECC KO email"]
[Site "IECC email"]
[Date "2002.08.14"]
[Round "?"]
[White "Hames, Mike"]
[Black "Hughes, Bernard"]
[Result "1-0"]
[WhiteElo "1125"]
[BlackElo "1096"]
[PlyCount "33"]
[EventDate "2002.??.??"]
[EventType "tourn (corr)"]
[EventRounds "6"]
[SourceTitle "Corr 2008"]
[Source "ChessBase"]
[SourceDate "2008.06.24"]
[SourceVersion "1"]
[SourceVersionDate "2008.06.24"]
[SourceQuality "1"]

1. e4 d5 2. exd5 Nf6 3. Bb5+ Bd7 4. Be2 Nxd5 5. d4 g6 6. c4 Nf6 7. Nf3 Bg7 8. 0-0 0-0 9. Be3 Ng4 10. Bf4 Nc6 11. d5 Nce5 12. Ng5 Nh6 13. Qd2 Nf5 14. c5 a6 15. Re1 f6 16. Ne6 b5 17. Nxd8 1-0

[Event "IECC KO email"]
[Site "IECC email"]
[Date "2002.04.28"]
[Round "?"]
[White "Hames, Mike"]
[Black "Lafargue, Philippe"]
[Result "1-0"]
[WhiteElo "1118"]
[BlackElo "923"]
[PlyCount "79"]
[EventDate "2002.??.??"]
[EventType "tourn (corr)"]
[EventRounds "6"]
[SourceTitle "Corr 2008"]
[Source "ChessBase"]
[SourceDate "2008.06.24"]
[SourceVersion "1"]
[SourceVersionDate "2008.06.24"]
[SourceQuality "1"]

1. e4 e5 2. Bc4 d6 3. Nc3 Nf6 4. d3 d5 5. exd5 Bb4 6. Nge2 0-0 7. 0-0 Bg4 8. Bd2 Bxc3 9. Bxc3 Qd6 10. Qd2 Re8 11. d4 Ne4 12. Qd3 Bxe2 13. Qxe2 exd4 14. Bxd4 Nd7 15. Qg4 f6 16. Rfe1 Nd2 17. Bb5 c6 18. dxc6 bxc6 19. Bd3 c5 20. Rxe8+ Rxe8 21. Be3 Ne5 22. Qe2 c4 23. Bxh7+ Kf8 24. Qxd2 Qxd2 25. Bxd2 g6 26. Bc3 Kg7 27. Re1 Kxh7 28. f4 Nf3+ 29. gxf3 Rxe1+ 30. Bxe1 f5 31. b3 cxb3 32. axb3 Kg7 33. c4 Kf7 34. b4 Ke7 35. c5 Kd7 36. b5 Kc7 37. Ba5+ Kc8 38. c6 Kb8 39. Kf2 Kc8 40. Kg3 1-0

[Event "IECC P email"]
[Site "IECC email"]
[Date "2002.02.21"]
[Round "?"]
[White "Hames, Mike"]
[Black "Mierzwa, Leszek"]
[Result "0-1"]
[WhiteElo "1082"]
[BlackElo "1080"]
[PlyCount "56"]
[EventDate "2002.??.??"]
[EventType "tourn (corr)"]
[EventRounds "6"]
[SourceTitle "Corr 2008"]
[Source "ChessBase"]
[SourceDate "2008.06.24"]
[SourceVersion "1"]
[SourceVersionDate "2008.06.24"]
[SourceQuality "1"]

1. e4 e5 2. Nc3 Nf6 3. f4 exf4 4. Bc4 Bc5 5. e5 Ng8 6. Nf3 d6 7. d4 Bb4 8. Bxf4 Ne7 9. Qd2 d5 10. Bb3 0-0 11. a3 Ba5 12. 0-0 f6 13. exf6 Rxf6 14. Qd3 Bf5 15. Qb5 Nbc6 16. Qxb7 Rb8 17. Qa6 Bc8 18. Bxc7 Qxc7 19. Nxd5 Nxd5 20. Bxd5+ Kh8 21. Qe2 Bg4 22. h3 Nxd4 23. Qd3 Bxf3 24. Bxf3 Nxf3+ 25. Rxf3 Rxb2 26. Rxf6 gxf6 27. Rd1 Bb6+ 28. Kf1 Rxc2 0-1

[Event "IECG CN.2001.0.00252"]
[Site "IECG email"]
[Date "2001.06.26"]
[Round "?"]
[White "Hames, Mike"]
[Black "Kipper, Daniel"]
[Result "1-0"]
[WhiteElo "800"]
[BlackElo "800"]
[PlyCount "65"]
[EventDate "2001.06.26"]
[EventType "tourn (corr)"]
[EventRounds "6"]
[SourceTitle "Corr 2008"]
[Source "ChessBase"]
[SourceDate "2008.06.24"]
[SourceVersion "1"]
[SourceVersionDate "2008.06.24"]
[SourceQuality "1"]

1. e4 c5 2. Nf3 Nc6 3. d4 cxd4 4. Nxd4 e5 5. Nb5 d6 6. N1c3 a6 7. Na3 b5 8. Nd5 Nge7 9. c4 b4 10. Nc2 Rb8 11. Bd2 a5 12. Be2 Nxd5 13. exd5 Ne7 14. 0-0 Ng6 15. b3 Be7 16. Ne3 0-0 17. a3 f5 18. axb4 axb4 19. Nxf5 Bxf5 20. Ra4 Bg5 21. Bxb4 Rxb4 22. Rxb4 Bf4 23. Ra4 Qg5 24. Kh1 Rf6 25. g3 Bh3 26. Rg1 Bd2 27. f4 Bxf4 28. Ra8+ Kf7 29. gxf4 Qxf4 30. Rg3 Nh4 31. Ra7+ Kf8 32. Raxg7 Nf5 33. Rg8+ 1-0

[Event "IECC CL7-2001.11"]
[Site "IECC email"]
[Date "2001.05.01"]
[Round "?"]
[White "Copin, Jean Christophe"]
[Black "Hames, Mike"]
[Result "1-0"]
[WhiteElo "1130"]
[BlackElo "1045"]
[PlyCount "47"]
[EventDate "2001.??.??"]
[EventType "tourn (corr)"]
[EventRounds "4"]
[SourceTitle "Corr 2008"]
[Source "ChessBase"]
[SourceDate "2008.06.24"]
[SourceVersion "1"]
[SourceVersionDate "2008.06.24"]
[SourceQuality "1"]

1. e4 c6 2. Nc3 d5 3. Nf3 Bg4 4. exd5 cxd5 5. Bb5+ Nd7 6. d4 e6 7. 0-0 Ngf6 8. h3 Bh5 9. Bg5 Be7 10. g4 Bg6 11. Ne5 0-0 12. Bxf6 Nxf6 13. h4 h5 14. f3 hxg4 15. fxg4 Ne4 16. g5 Bh7 17. Nd7 Re8 18. Qf3 Nd2 19. Qxf7+ Kh8 20. Rf2 Ne4 21. Nxe4 dxe4 22. Qh5 g6 23. Qh6 a6 24. Rf7 1-0

[Event "IECC CL7-2001.11"]
[Site "IECC email"]
[Date "2001.05.01"]
[Round "?"]
[White "Davidson, Allan D"]
[Black "Hames, Mike"]
[Result "0-1"]
[WhiteElo "1090"]
[BlackElo "1033"]
[PlyCount "36"]
[EventDate "2001.??.??"]
[EventType "tourn (corr)"]
[EventRounds "4"]
[SourceTitle "Corr 2008"]
[Source "ChessBase"]
[SourceDate "2008.06.24"]
[SourceVersion "1"]
[SourceVersionDate "2008.06.24"]
[SourceQuality "1"]

1. e4 c6 2. d4 d5 3. Nc3 dxe4 4. Nxe4 Bf5 5. Bd3 Qxd4 6. Ne2 Qb4+ 7. Nd2 e6 8. 0-0 Nf6 9. Bxf5 exf5 10. Re1 Be7 11. Ng3 0-0 12. Nxf5 Bc5 13. Re2 Nbd7 14. a3 Qf4 15. Ne3 Rfe8 16. Nb3 Bd6 17. Qd4 Qxh2+ 18. Kf1 Qh1# 0-1

[Event "IECC CL8-2001.03"]
[Site "IECC email"]
[Date "2001.03.12"]
[Round "?"]
[White "Hames, Mike"]
[Black "Cunningham, Don"]
[Result "1-0"]
[WhiteElo "1013"]
[BlackElo "888"]
[PlyCount "59"]
[EventDate "2001.??.??"]
[EventType "tourn (corr)"]
[EventRounds "4"]
[SourceTitle "Corr 2008"]
[Source "ChessBase"]
[SourceDate "2008.06.24"]
[SourceVersion "1"]
[SourceVersionDate "2008.06.24"]
[SourceQuality "1"]

1. e4 c6 2. d4 d5 3. f3 e6 4. Nc3 Bd6 5. e5 Bb4 6. Nge2 c5 7. dxc5 Bxc5 8. f4 Ne7 9. Na4 Bb4+ 10. Bd2 Ba5 11. Nd4 Bd7 12. Nc3 Nbc6 13. Nb3 d4 14. Ne2 Bb6 15. g3 d3 16. cxd3 Nf5 17. Qc1 Nfd4 18. Nbxd4 Nxd4 19. Nxd4 Bxd4 20. Bg2 Rc8 21. Qd1 Bxb2 22. Rb1 Bd4 23. Rxb7 Rc7 24. Ba5 Bb6 25. Rxb6 Qc8 26. Rb1 Rc2 27. Rb8 Ke7 28. Rxc8 Rhxc8 29. Bb7 R8c5 30. Bb4 1-0

[Event "IECC CL8-2001.03"]
[Site "IECC email"]
[Date "2001.03.12"]
[Round "?"]
[White "Karlsson, Roger"]
[Black "Hames, Mike"]
[Result "0-1"]
[WhiteElo "988"]
[BlackElo "1007"]
[PlyCount "54"]
[EventDate "2001.??.??"]
[EventType "tourn (corr)"]
[EventRounds "4"]
[SourceTitle "Corr 2008"]
[Source "ChessBase"]
[SourceDate "2008.06.24"]
[SourceVersion "1"]
[SourceVersionDate "2008.06.24"]
[SourceQuality "1"]

1. e4 c6 2. d4 d5 3. f3 e6 4. Nc3 Nf6 5. e5 Nfd7 6. Be3 Be7 7. Bd3 c5 8. Bd2 cxd4 9. Nb5 Qb6 10. Ne2 Nxe5 11. Nexd4 Bc5 12. Be3 a6 13. Nc3 Qxb2 14. Na4 Qb4+ 15. Qd2 Qxa4 16. f4 Bb4 17. c3 Nxd3+ 18. Qxd3 Ba5 19. 0-0 Nc6 20. Rfc1 0-0 21. Nxc6 bxc6 22. Bc5 Re8 23. Rab1 Qxf4 24. Rf1 Qe4 25. Qxe4 dxe4 26. Rfe1 e5 27. Rxe4 Bf5 0-1